Statistics for Every Fantasia song that hit the Billboard hot 100

Click here to take the quiz!

General Stats

  • This quiz has been taken 5 times
  • The average score is 2 of 7

Answer Stats

Peak Chart PositionYearSong% Correct
602005Baby Mama
50%
742010Bittersweet
50%
412005Free Yourself
50%
12004I Believe
25%
212005Truth Is
25%
322007When I See U
25%
74|2013Without Me
0%

Score Distribution

Percentile by Number Answered

Percent of People with Each Score

Your Score History

You have not taken this quiz